| 000 | 00562nam a2200181 4500 | ||
|---|---|---|---|
| 999 |
_c17740 _d17740 |
||
| 008 | 221213b ||||| |||| 00| 0 eng d | ||
| 020 | _a9781529701180 | ||
| 082 |
_22020 _aDC 808.51024378 _bB388 |
||
| 100 |
_aBecker, Lucinda. _93084 |
||
| 245 |
_aGive great presentations / _cLucinda Becker. |
||
| 260 |
_aLos Angeles : _bSAGE, _c©2020. |
||
| 300 |
_a118 pages : _bcolor illustrations ; _c17 cm. |
||
| 500 | _aIncludes glossary. | ||
| 650 |
_aPublic speaking. _947094 |
||
| 650 |
_aOral communication. _923519 |
||
| 650 |
_aSpeech. _947095 |
||
| 942 |
_2ddc _cDC |
||